| 000 | 00690nam a2200241 a 4500 | ||
|---|---|---|---|
| 999 |
_c2078 _d2078 |
||
| 001 | 2078 | ||
| 003 | BD-JhCC | ||
| 005 | 20171031153643.0 | ||
| 008 | 171029s2014 bg a|||| |||| 000 0 ben d | ||
| 020 | _a9789849076414 | ||
| 035 | _a(BD-JhCC)2078 | ||
| 040 |
_aBD-JhCC _dBD-JhCC |
||
| 041 | _aben | ||
| 082 |
_a591.5 _bRAH 2014 |
||
| 100 | _aরহমান, রেজাউর | ||
| 245 |
_aপিঁপড়া / _c রেজাউর রহমান |
||
| 260 |
_aঢাকা : _bপ্রথমা প্রকাশন, _c২০১৪. |
||
| 300 |
_a৩১ পৃ. : _bill. ; _c২৩ সেমি. |
||
| 650 | _aAnt | ||
| 650 | _aAnimals. | ||
| 942 |
_2ddc _cBK |
||